000 00458nam a2200181Ia 4500
001 23901
005 20260414151008.0
008 260414t2019||||xx |||||||||||||| ||spa||
041 _aESP
082 _a720.92
_bG71
100 _aGonzález de Canales, Francisco,
_eAUT
245 0 _aConsideraciones sobre la obra de Rafael Moneo
_b
260 _c2019
300 _a241 páginas :
_c22 cm.
650 _aABD
654 _aCAU
942 _cLIB
_dJUS
_fJUS
_2ddc
_n
999 _c23901
_d23901